[Event "Tower of Concord Match"]
[Site "Nazran RUS"]
[Date "2017.08.07"]
[Round "3"]
[White "Gelfand,B"]
[Black "Inarkiev,E"]
[Result "1/2-1/2"]
[WhiteElo "2729"]
[BlackElo "2702"]

1.c4 e6 2.Nc3 d5 3.d4 Be7 4.cxd5 exd5 5.Bf4 Nf6 6.e3 Bf5 7.Qb3 Nc6 8.a3 Na5
9.Qa2 c6 10.Nf3 b5 11.Be2 O-O 12.Ne5 Qb6 13.O-O Nc4 14.a4 a6 15.axb5 cxb5
16.Bg5 Be6 17.b3 Nxe5 18.dxe5 Bb4 19.Na4 bxa4 20.exf6 axb3 21.Qxb3 d4 22.Qb2 Bc5
23.Qxb6 Bxb6 24.fxg7 Kxg7 25.Bxa6 dxe3 26.fxe3 f6 27.Bf4 Rf7 28.Be2 Rxa1
29.Rxa1 Bc7 30.Bf3 Bxf4 31.exf4 Rd7 32.Ra5 Rd4 33.Ra6 Bf7 34.Ra7 Kf8 35.g3 Rd2  1/2-1/2

[Event "Tower of Concord Rapid 2"]
[Site "Nazran RUS"]
[Date "2017.08.09"]
[Round "3"]
[White "Gelfand,B"]
[Black "Inarkiev,E"]
[Result "1/2-1/2"]
[WhiteElo "2729"]
[BlackElo "2702"]

1.c4 e6 2.Nc3 d5 3.d4 Be7 4.cxd5 exd5 5.Bf4 Nf6 6.e3 Bf5 7.Nge2 O-O 8.Rc1 c6
9.Ng3 Be6 10.Bd3 Bd6 11.O-O Re8 12.Bxd6 Qxd6 13.f3 Nbd7 14.Qd2 Rad8 15.Nge2 a6
16.Bb1 c5 17.dxc5 Nxc5 18.Nd4 Bc8 19.Nce2 Ncd7 20.Nf4 Ne5 21.b3 Bd7 22.g4 h6
23.h4 Nh7 24.Rce1 Nc6 25.Bxh7+ Kxh7 26.Kg2 Kg8 27.Rh1 Re5 28.Nd3 Re7 29.Qc3 Qf6
30.Nf4 Qe5 31.Qc5 Bc8 32.Nd3 Qf6 33.Nxc6 bxc6 34.Qd4 Qd6 35.Qc5 Qf6 36.Qd4 Qd6
37.b4 Rde8 38.Nf4 a5 39.bxa5 Ba6 40.g5 Bc4 41.Nh5 Qe5 42.Kf2 hxg5 43.hxg5 Qxd4
44.exd4 Re2+ 45.Rxe2 Rxe2+ 46.Kg3 Rxa2 47.Re1 Kf8 48.g6 Rxa5 49.Nf4 Ra7 50.gxf7 Kxf7
51.Ne6 Kf6 52.Nd8 Bb5 53.Re6+ Kf5 54.Re5+ Kf6 55.Re6+ Kf5 56.Re5+ Kf6  1/2-1/2

[Event "Tower of Concord Rapid 1"]
[Site "Nazran RUS"]
[Date "2017.08.09"]
[Round "3"]
[White "Gelfand,B"]
[Black "Inarkiev,E"]
[Result "0-1"]
[WhiteElo "2729"]
[BlackElo "2702"]

1.c4 e5 2.g3 Nf6 3.Bg2 c6 4.Nf3 e4 5.Nd4 d5 6.cxd5 Qxd5 7.e3 Na6 8.d3 Bb4+
9.Nc3 Nc5 10.O-O Bxc3 11.dxe4 Ncxe4 12.bxc3 O-O 13.Qc2 c5 14.Nb3 Bf5 15.Qb2 Qc4
16.f3 Nxc3 17.e4 Be6 18.Bg5 Nd7 19.Na5 Qb4 20.Qxb4 cxb4 21.Be7 Rfc8 22.Bxb4 Nxa2
23.Be7 b6 24.Nb7 Ne5 25.f4 Rc7 26.Bd6 Rxb7 27.Bxe5 Rd8 28.Rf2 Nb4 29.Bc3 Nd3
30.Rd2 Rc7 31.Be5 Rcd7 32.Bc3 f6 33.e5 fxe5 34.fxe5 Rc8 35.Bb2 Rc5 36.Ba3 Rc3
37.Bd6 a5 38.Rad1 Nc5 39.Rf1 h5 40.Rdf2 Rf7 41.Rxf7 Bxf7 42.Bc6 a4 43.Bxc5 Rxc5
44.Bxa4 b5 45.Bd1 Rxe5 46.Rf4 Re1+ 47.Rf1 Rxf1+ 48.Kxf1 g6 49.h4 Be6 50.Kf2 Kf7
51.Ke3 Kf6 52.Kd4 b4 53.Be2 b3 54.Kc3 Ke5 55.Bf3 b2 56.Kxb2 Kd4 57.Bd1 Ke3
58.Kc3 Kf2 59.Kd4 Kxg3  0-1

[Event "Tower of Concord Rapid 2"]
[Site "Nazran RUS"]
[Date "2017.08.09"]
[Round "4"]
[White "Inarkiev,E"]
[Black "Gelfand,B"]
[Result "1/2-1/2"]
[WhiteElo "2702"]
[BlackElo "2729"]

1.e4 c5 2.Nf3 Nc6 3.Bb5 g6 4.Bxc6 bxc6 5.O-O Bg7 6.Re1 Nh6 7.c3 O-O 8.h3 f5
9.e5 Nf7 10.d3 Rb8 11.b3 d6 12.Bf4 Qc7 13.Qe2 Nd8 14.Nbd2 Ne6 15.Qe3 Nxf4
16.Qxf4 d5 17.h4 e6 18.h5 gxh5 19.g3 Bd7 20.Kg2 Be8 21.Ng5 Qe7 22.Ndf3 Kh8
23.Rh1 Rg8 24.Rh4 Bh6 25.Nf7+ Bxf7 26.Qxh6 Rg6 27.Qd2 Rbg8 28.Rah1 Rg4 29.Kf1 Bg6
30.Ke2 c4 31.d4 f4 32.gxf4 Qf8 33.Qe3 Qf5 34.Ng5 Rf8 35.b4 Rxg5 36.fxg5 Qc2+
37.Kf1 Rf5 38.Kg2 Qxa2 39.Kg3 Rf7 40.f4 Qc2 41.R4h2 Qf5 42.Qf3 Kg8 43.Rxh5 Bxh5
44.Rxh5 Rg7 45.Rh6 Rg6 46.Rh1 Rg7 47.Rh6 Rg6 48.Rh1 Rg7 49.Rh6  1/2-1/2

[Event "Tower of Concord Rapid 1"]
[Site "Nazran RUS"]
[Date "2017.08.09"]
[Round "4"]
[White "Inarkiev,E"]
[Black "Gelfand,B"]
[Result "1/2-1/2"]
[WhiteElo "2702"]
[BlackElo "2729"]

1.e4 c5 2.Nf3 Nc6 3.Bb5 g6 4.Bxc6 bxc6 5.O-O Bg7 6.Re1 Nh6 7.c3 O-O 8.h3 f5
9.e5 Nf7 10.d3 d6 11.Bf4 Ba6 12.Na3 Rb8 13.b3 g5 14.Nxg5 Nxg5 15.Bxg5 dxe5
16.Nc4 e4 17.Rc1 Qxd3 18.Qxd3 exd3 19.Rxe7 Bxc4 20.bxc4 f4 21.Rd1 Rf5 22.Bh4 Bxc3
23.Rxd3 Bd4 24.g4 fxg3 25.Rxg3+ Kf8 26.Re2 Rb4 27.Ra3 Rxc4 28.Rxa7 Rf7 29.Ra8+ Kg7
30.Rc8 Ra4 31.Rxc6 Rfa7 32.Be7 Rxa2 33.Rxa2 Rxa2 34.Bxc5 Bxc5 35.Rxc5 Kg6
36.Kg2 Ra3 37.Re5 Rb3 38.Re3 Rb4 39.Kg3 h5 40.Rc3 Ra4 41.Rc6+ Kg7 42.Re6 Rb4
43.f3 Ra4 44.Re4 Ra3 45.Kf4 Kf6 46.Rd4 Ra6 47.Kg3 Ra3 48.Rd5 Kg6 49.Re5 Ra4
50.Re4 Ra3 51.Re8 Rb3 52.Kf4 Rb4+ 53.Re4 Rb6 54.Rd4 Rf6+ 55.Kg3 Ra6 56.Kh4 Rb6
57.Re4 Rf6 58.Kg3 Ra6 59.Rd4 Rb6 60.Rd5 Rb4 61.Rd6+ Kg7 62.Re6 Ra4 63.Rd6 h4+
64.Kf2 Ra2+ 65.Ke3 Rh2 66.Ke4 Rxh3 67.Rd2  1/2-1/2

[Event "Tower of Concord Rapid 1"]
[Site "Nazran RUS"]
[Date "2017.08.13"]
[Round "5"]
[White "Gelfand,B"]
[Black "Inarkiev,E"]
[Result "1/2-1/2"]
[WhiteElo "2729"]
[BlackElo "2702"]

1.d4 Nf6 2.c4 e6 3.Nc3 Bb4 4.e3 O-O 5.Bd3 c5 6.Nf3 d5 7.cxd5 exd5 8.dxc5 Bg4
9.O-O Nbd7 10.Bd2 Bxf3 11.Qxf3 Nxc5 12.Qe2 d4 13.exd4 Qxd4 14.Bf5 g6 15.Bc2 Rfe8
16.Be3 Qh4 17.Qf3 Bxc3 18.bxc3 Ng4 19.Bf4 Ne5 20.Qg3 Qxg3 21.hxg3 Rac8 22.Rfd1 Kg7
23.Be3 b6 24.Bd4 f6 25.a4 Re7 26.a5 Ne6 27.axb6 Nxd4 28.cxd4  1/2-1/2

[Event "Tower of Concord Rapid 2"]
[Site "Nazran RUS"]
[Date "2017.08.13"]
[Round "5"]
[White "Gelfand,B"]
[Black "Inarkiev,E"]
[Result "0-1"]
[WhiteElo "2729"]
[BlackElo "2702"]

1.d4 Nf6 2.c4 e6 3.g3 c5 4.Nf3 cxd4 5.Nxd4 d5 6.Bg2 e5 7.Nf3 d4 8.O-O Nc6
9.e3 Be7 10.exd4 exd4 11.Bf4 O-O 12.Ne5 Nxe5 13.Bxe5 Bc5 14.Nd2 Ng4 15.Bf4 g5
16.Nb3 gxf4 17.Nxc5 fxg3 18.hxg3 Qd6 19.Ne4 Qh6 20.Re1 Be6 21.Qxd4 Rad8 22.Qc5 f5
23.Nc3 Rc8 24.Qe7 Qh2+ 25.Kf1 Bxc4+ 26.Ne2 Rce8 27.Qg5+ Kh8 28.Qd2 f4 29.Qc3+ Rf6
30.gxf4 Rxe2 31.Rxe2 Bxe2+ 32.Kxe2 Qxg2 33.Qd4 Kg8 34.f5 Rxf5 35.Qd8+ Kg7
36.Qe7+ Kh6 37.Qd6+ Kh5  0-1

[Event "Tower of Concord Rapid 2"]
[Site "Nazran RUS"]
[Date "2017.08.13"]
[Round "6"]
[White "Inarkiev,E"]
[Black "Gelfand,B"]
[Result "1-0"]
[WhiteElo "2702"]
[BlackElo "2729"]

1.d4 Nf6 2.c4 e6 3.Nf3 d5 4.Nc3 c6 5.Bg5 h6 6.Bxf6 Qxf6 7.e3 g6 8.Be2 Bg7
9.e4 O-O 10.e5 Qe7 11.O-O Nd7 12.Re1 Rd8 13.Qc2 dxc4 14.Bxc4 b5 15.Be2 Bb7
16.Ne4 c5 17.Nxc5 Nxc5 18.dxc5 Qc7 19.Qc3 b4 20.Qxb4 Rac8 21.Rac1 Bxf3 22.Bxf3 Bxe5
23.g3 Rb8 24.Qe4 Bxb2 25.Rc2 Bg7 26.c6 Rd4 27.Qe2 Rd6 28.Kg2 h5 29.h4 Bd4
30.Rd1 e5 31.Qc4 Kg7 32.Rd3 f5 33.Bd5 Rbd8 34.Be6 e4 35.Rb3 Bb6 36.Bd7 R8xd7
37.cxd7 Qxd7 38.a4 Rd5 39.Rb5 Rd1 40.Rb3 Kh7 41.Qb5 Qf7 42.a5 Bd8 43.a6 Bb6
44.Qc4 Qxc4 45.Rxc4 Ra1 46.Rc2 Rxa6 47.Rb5 Ra4 48.Rd5 Rd4 49.Rd2 Rxd2 50.Rxd2 Kg7
51.Rd6 Bc5 52.Rc6 Bd4 53.Kf1 Kf7 54.Ke2 Bb6 55.f3 exf3+ 56.Kxf3 Bd8 57.Kf4 Bb6
58.Ke5 Bf2 59.Rc7+ Ke8 60.Ke6 Kd8 61.Rd7+ Ke8 62.Rg7 Kf8 63.Rxg6 a5 64.Rg5 f4
65.gxf4 Bxh4 66.Rxa5 Kg7 67.Rxh5 Bf6 68.Rh7+  1-0

[Event "Tower of Concord Rapid 1"]
[Site "Nazran RUS"]
[Date "2017.08.13"]
[Round "6"]
[White "Inarkiev,E"]
[Black "Gelfand,B"]
[Result "1/2-1/2"]
[WhiteElo "2702"]
[BlackElo "2729"]

1.e4 c5 2.Nf3 Nc6 3.d4 cxd4 4.Nxd4 Nf6 5.Nc3 e5 6.Ndb5 d6 7.Bg5 a6 8.Na3 b5
9.Bxf6 gxf6 10.Nd5 f5 11.Bd3 Be6 12.O-O Bxd5 13.exd5 Ne7 14.c3 Bg7 15.Qh5 e4
16.Be2 O-O 17.Nc2 Re8 18.g3 Nxd5 19.Qxf5 Re5 20.Qh3 b4 21.c4 Ne7 22.Rfd1 Qb6
23.Ne3 Rf8 24.Rd2 Qc5 25.Rad1 Re6 26.Nd5 Nc6 27.Nf4 Rh6 28.Qd7 Nd4 29.b3 e3
30.fxe3 Nf5 31.Nd5 Nxe3 32.Nxe3 Qxe3+ 33.Kg2 Bc3 34.Qg4+ Rg6 35.Rd3 Qxd3
36.Rxd3 Rxg4 37.Bxg4 f5 38.Bf3 Rf6 39.Rd5 Kg7 40.Ra5 Bd4 41.a3 bxa3 42.Rxa3 d5
43.cxd5 Bc5 44.Ra4 Rb6 45.Rc4 Bd6 46.Rc6 Rxc6 47.dxc6 Kf6 48.Kf2 Ke5 49.Be2 a5
50.Bd3 h6 51.Kg2 Kf6 52.Bc2 Bc7 53.Bd3 Ke5 54.Kh3 Bd8 55.Kg2 Kd6 56.Bb5 Kc5
57.Ba4 Bb6 58.Kf3 Bc7 59.Ke3 Bd6 60.Kf3 Bc7 61.h3 Bd6 62.g4 fxg4+ 63.Kxg4 Kb6
64.Kf5 Kc7 65.Ke6 h5 66.Kd5 h4 67.Bb5 Bg3 68.Bd3 Be1 69.Be4 Bb4 70.Ke5  1/2-1/2

[Event "chess.com IoM Masters"]
[Site "Douglas ENG"]
[Date "2017.09.27"]
[Round "5.8"]
[White "Sethuraman,S"]
[Black "Gelfand,B"]
[Result "1-0"]
[WhiteElo "2617"]
[BlackElo "2737"]

1.d4 Nf6 2.c4 e6 3.Nc3 Bb4 4.Qc2 O-O 5.Nf3 d5 6.a3 Bxc3+ 7.Qxc3 dxc4 8.Qxc4 b6
9.Bg5 Bb7 10.Rd1 Nbd7 11.Ne5 h6 12.Nxd7 Qxd7 13.Bxf6 gxf6 14.d5 Bxd5 15.Qf4 Kh7
16.Qxf6 Qd8 17.Qxd8 Rfxd8 18.e3 Rd6 19.Bd3+ Kh8 20.Bf1 Rad8 21.b4 Bb3 22.Rxd6 Rxd6
23.Be2 c5 24.bxc5 bxc5 25.O-O Rd2 26.Bh5 Ra2 27.Rc1 c4 28.Bxf7 c3 29.h4 Rc2
30.Rxc2 Bxc2 31.Kf1 Bd3+ 32.Ke1 e5 33.Bd5 Kg7 34.f3 Bb5 35.g4 Kf6 36.Be4 Ba4
37.Ke2 Bb5+ 38.Kd1 Ba4+ 39.Bc2 Bc6 40.Ke2 Bb5+ 41.Kf2 Bd7 42.Be4 a5 43.Ke2 Bb5+
44.Kd1 Ba4+ 45.Kc1 Bb3 46.f4 exf4 47.exf4 Ba4 48.g5+ hxg5 49.hxg5+ Ke6 50.f5+ Ke5
51.f6 Bb3 52.Bc2  1-0

[Event "Nutcracker Classical 2017"]
[Site "Moscow RUS"]
[Date "2017.12.19"]
[Round "1.2"]
[White "Gelfand,B"]
[Black "Artemiev,V"]
[Result "1/2-1/2"]
[WhiteElo "2697"]
[BlackElo "2691"]

1.Nf3 g6 2.e4 d6 3.c4 Bg4 4.d4 Bg7 5.Be2 Bxf3 6.Bxf3 Nc6 7.Be3 e5 8.d5 Nd4
9.O-O Ne7 10.Nd2 O-O 11.b4 c6 12.dxc6 Nexc6 13.Rb1 Ne6 14.Bg4 f5 15.Bh3 Qe7
16.Nb3 Kh8 17.exf5 gxf5 18.b5 Ncd8 19.f4 exf4 20.Bxf4 Nxf4 21.Rxf4 Ne6 22.Rxf5 Nf4
23.Qf3 Nxh3+ 24.Qxh3 Qe2 25.Rbf1 Rxf5 26.Qxf5 Rf8 27.Qb1 Rxf1+ 28.Qxf1 Qxa2
29.Qf5 h6 30.Qc8+ Kh7 31.Qf5+ Kh8 32.Qc8+ Kh7 33.Qf5+  1/2-1/2

[Event "Nutcracker Classical 2017"]
[Site "Moscow RUS"]
[Date "2017.12.20"]
[Round "2.2"]
[White "Gelfand,B"]
[Black "Yuffa,D"]
[Result "1-0"]
[WhiteElo "2697"]
[BlackElo "2522"]

1.d4 Nf6 2.Nf3 g6 3.c4 Bg7 4.Nc3 O-O 5.e4 d6 6.Be2 e5 7.O-O Nc6 8.d5 Ne7
9.b4 Nh5 10.c5 Nf4 11.Bxf4 exf4 12.Rc1 a5 13.cxd6 cxd6 14.bxa5 Qxa5 15.Nb5 Rd8
16.Rc2 Bd7 17.Nxd6 Qb4 18.e5 Ba4 19.Qd2 Nxd5 20.Qxd5 Bxc2 21.Qxf7+ Kh8 22.Qe7 Rxd6
23.exd6 Ba4 24.Qc7 Bf6 25.Bc4 Bc6 26.Be6 Rf8 27.d7 Rd8 28.Ne5 Qe4 29.Nxc6 bxc6
30.Bg4 Kg7 31.h3 Qd5 32.Rd1 Qxa2 33.Qxc6 h5 34.Bf3 Qb2 35.Qd6 Qe5 36.Qd3 Be7
37.Be4 Qe6 38.Qd4+ Bf6 39.Qa4 Be5 40.Bc6 Qf6 41.Re1 Bc7 42.Re8 Kh6 43.Qb4 Qa1+
44.Kh2 Qf6 45.f3 Kg5 46.Qc4 Kh6 47.Re6 Qg5 48.Qc3 Rb8 49.Be4 Qg3+ 50.Kh1 Rg8
51.Bxg6 Rxg6 52.Qh8+ Kg5 53.d8=Q+ Bxd8 54.Re5+  1-0

[Event "Nutcracker Classical 2017"]
[Site "Moscow RUS"]
[Date "2017.12.21"]
[Round "3.2"]
[White "Oparin,G"]
[Black "Gelfand,B"]
[Result "1/2-1/2"]
[WhiteElo "2602"]
[BlackElo "2697"]

1.e4 c5 2.Nf3 Nc6 3.d4 cxd4 4.Nxd4 Nf6 5.Nc3 e5 6.Ndb5 d6 7.Nd5 Nxd5 8.exd5 Nb8
9.a4 Be7 10.Be2 O-O 11.O-O Nd7 12.Bd2 Nf6 13.Be3 a6 14.Na3 Rb8 15.b4 a5 16.c3 Bf5
17.Qb3 Bg4 18.f3 Bh5 19.Rad1 e4 20.Nc4 b6 21.Nd2 exf3 22.Nxf3 Bxf3 23.Bxf3 Nd7
24.Bf4 Ne5 25.Bxe5 dxe5 26.d6 Bxd6 27.Qd5 Be7 28.Qxe5 Bf6 29.Rxd8 Bxe5 30.Rxb8 Rxb8
31.Bd5 Bxc3 32.Rxf7 Kh8 33.bxa5 bxa5 34.Rb7 Rxb7 35.Bxb7 g6 36.g3 Kg7 37.Kg2 Kf6
38.Kf3 Bb4 39.Bc6 h6 40.Bb5  1/2-1/2

[Event "Nutcracker Classical 2017"]
[Site "Moscow RUS"]
[Date "2017.12.22"]
[Round "4.2"]
[White "Esipenko,Andrey"]
[Black "Gelfand,B"]
[Result "1/2-1/2"]
[WhiteElo "2564"]
[BlackElo "2697"]

1.d4 Nf6 2.c4 e6 3.Nf3 d5 4.Nc3 c6 5.e3 Nbd7 6.Qc2 Bd6 7.Bd3 O-O 8.O-O dxc4
9.Bxc4 b5 10.Be2 Bb7 11.e4 e5 12.dxe5 Nxe5 13.Nh4 g6 14.f4 Bc5+ 15.Kh1 Neg4
16.g3 Re8 17.e5 b4 18.Nd1 Bd4 19.Bf3 Qd7 20.exf6 Ba6 21.Qg2 Rad8 22.f5 gxf5
23.Bg5 Qe6 24.Nf2 Bxf1 25.Rxf1 Bxf2 26.Rxf2 h6 27.Bf4 Nxf2+ 28.Qxf2 Qxf6
29.Qc2 Re5 30.Bxe5 Qxe5 31.Kg2 f4 32.Nf5 fxg3 33.hxg3 Qf6 34.Kh3 Kh8 35.Be4 Re8
36.g4 Qe6 37.Qd2 c5 38.b3 Qf6 39.Ng3 h5 40.gxh5 Rxe4 41.Nxe4 Qf5+ 42.Kh2 Qxe4
43.Qh6+ Kg8 44.Qg5+ Kh7 45.Qxc5 Qf4+ 46.Kg2 Kh6 47.Qxa7 Kxh5 48.Qb7 Kh4 49.Qa8 f5
50.Qh8+ Kg4 51.Qg7+ Qg5 52.Qd7 Kh4+ 53.Kf2 Qg3+ 54.Ke2 Qg2+ 55.Ke3 Qe4+ 56.Kf2 Qc2+
57.Kf3 Qe4+ 58.Kf2 Qc2+ 59.Kf3 Qc3+ 60.Kf2 Kg4 61.Qd1+ Kf4 62.Qd6+ Ke4 63.Qe6+ Qe5
64.Qc6+ Qd5 65.Qc2+ Qd3 66.Qc6+ Qd5 67.Qc2+ Ke5 68.Qe2+ Qe4 69.Qb5+ Kf6 70.Qb6+ Kg5
71.Qd8+  1/2-1/2

[Event "Gelfand-Laznicka Classic"]
[Site "Novy Bor CZE"]
[Date "2018.08.27"]
[Round "1"]
[White "Laznicka,V"]
[Black "Gelfand,B"]
[Result "1/2-1/2"]
[WhiteElo "2662"]
[BlackElo "2703"]

1.d4 Nf6 2.c4 e6 3.Nf3 d5 4.Nc3 c6 5.e3 Nbd7 6.Qc2 Bd6 7.b3 O-O 8.Be2 b6
9.O-O Bb7 10.Bb2 Qe7 11.Rfd1 Rfe8 12.Rac1 Rac8 13.Bf1 c5 14.cxd5 exd5 15.dxc5 bxc5
16.Qf5 Qe6 17.Bd3 Ne5 18.Ng5 Qe7 19.Bb5 h6 20.Nf3 Nxf3+ 21.gxf3 Red8 22.Ne2 d4
23.exd4 c4 24.Re1 g6 25.Qh3 cxb3 26.Nc3 Qf8 27.axb3 Bf4 28.Rc2 Rxd4 29.Bc4 Rd2
30.Rxd2 Bxd2 31.Re2 Bf4 32.Ne4 Nxe4 33.fxe4 Re8 34.e5 Bc8 35.Qf3 Bg5 36.Ba3 Be7
37.Bc1 Be6 38.Bxe6 fxe6 39.Qg4 Qf5 40.Qxf5 exf5 41.Bxh6 g5 42.Rc2 Kh7 43.Rc6 Bd8
44.f4 g4 45.Kg2 Bh4 46.h3 Rb8 47.hxg4 fxg4 48.f5 Rxb3 49.Bc1 Rg3+ 50.Kf1 Rf3+
51.Ke2 Rxf5 52.Rh6+ Kg7 53.Rxh4 Rxe5+ 54.Kd3 Re6 55.Rxg4+ Kf7 56.Be3 a6 57.Bc5 Kf6
58.Bd4+ Kf5 59.Rg1 Rc6 60.Rf1+ Ke6 61.Ke4 Kd6 62.Rh1 Ke6 63.Rh5 Kd6 64.Rd5+ Ke6
65.Bc5 Kf7 66.Ba3 Re6+ 67.Kd4 Kg6 68.Bc1 Kf6 69.Bf4 Kg6 70.Be5 Kf5 71.Rd8 Rg6
72.Kd5 Kg4 73.Ke4 Kg5 74.Rd1 Kg4 75.Rh1 Kg5 76.Rf1 a5 77.Rf5+ Kg4 78.Bf6 a4
79.Rf2 a3 80.Rg2+ Kh5 81.Rxg6  1/2-1/2

[Event "Gelfand-Laznicka Classic"]
[Site "Novy Bor CZE"]
[Date "2018.08.28"]
[Round "2"]
[White "Gelfand,B"]
[Black "Laznicka,V"]
[Result "1/2-1/2"]
[WhiteElo "2703"]
[BlackElo "2662"]

1.d4 Nf6 2.c4 e6 3.Nf3 d5 4.g3 Be7 5.Bg2 O-O 6.O-O dxc4 7.Qc2 b6 8.Bg5 Nd5
9.Bxe7 Qxe7 10.Nbd2 b5 11.a4 c6 12.e4 Nb6 13.a5 N6d7 14.b3 cxb3 15.Nxb3 Bb7
16.a6 Nxa6 17.Na5 Nb6 18.Nxc6 Qe8 19.d5 Bxc6 20.dxc6 Nb4 21.Qc5 Nxc6 22.Qxb5 Rc8
23.Rfc1 Qd7 24.Rc5 Rc7 25.Bf1 Nb8 26.Qxd7 Rxd7 27.Ne5 Rb7 28.Rca5 Nc8 29.Rd1 Rc7
30.f3 g6 31.Rd2 Kg7 32.Kf2 Kf6 33.Rb2 Nd7 34.Nxd7+ Rxd7 35.Rb8 Ke7 36.Ra8 Rfd8
37.Be2 Rc7 38.Ra2 Rd6 39.e5 Rd5 40.f4 Rdc5 41.Kg2 Rd5 42.Kh3 h5 43.Kh4 Rdd7
44.Bb5 Nb6 45.Rh8 Rd8 46.Rxd8 Kxd8 47.Kg5 Nd5 48.Bf1 Ke7 49.Kh6 h4 50.Kg7 hxg3  1/2-1/2

[Event "Gelfand-Laznicka Classic"]
[Site "Novy Bor CZE"]
[Date "2018.08.30"]
[Round "3"]
[White "Laznicka,V"]
[Black "Gelfand,B"]
[Result "1/2-1/2"]
[WhiteElo "2662"]
[BlackElo "2703"]

1.d4 Nf6 2.c4 e6 3.Nc3 Bb4 4.Qc2 O-O 5.Nf3 d5 6.cxd5 exd5 7.Bg5 h6 8.Bh4 c5
9.e3 cxd4 10.Nxd4 Nc6 11.Nxc6 bxc6 12.a3 Bxc3+ 13.Qxc3 d4 14.Qxd4 Qxd4 15.exd4 Re8+
16.Kd1 g5 17.Bg3 Bf5 18.f3 Rad8 19.Bf2 Rb8 20.Kc1 Nd5 21.Bc4 Nf4 22.b4 a5
23.Re1 axb4 24.Rxe8+ Rxe8 25.axb4 Bd3 26.Bxd3 Nxd3+ 27.Kd2 Nxb4 28.Rb1  1/2-1/2

[Event "Gelfand-Laznicka Rapid"]
[Site "Novy Bor CZE"]
[Date "2018.09.01"]
[Round "3"]
[White "Gelfand,B"]
[Black "Laznicka,V"]
[Result "1-0"]
[WhiteElo "2703"]
[BlackElo "2662"]

1.d4 f5 2.g3 Nf6 3.Bg2 g6 4.Nf3 Bg7 5.O-O O-O 6.Nbd2 d6 7.Re1 Nc6 8.e4 fxe4
9.Nxe4 Nxe4 10.Rxe4 Bf5 11.Re1 Bg4 12.c3 Qd7 13.Qb3+ d5 14.Bf4 Bxf3 15.Bxf3 Rad8
16.Bg2 b6 17.Qb5 Rf6 18.a4 h6 19.h4 Kh8 20.Re2 Rxf4 21.gxf4 Qg4 22.f3 Qd7
23.Rae1 a6 24.Qd3 Rf8 25.Qxg6 Rxf4 26.Re6  1-0

[Event "Gelfand-Laznicka Rapid"]
[Site "Novy Bor CZE"]
[Date "2018.09.01"]
[Round "4"]
[White "Laznicka,V"]
[Black "Gelfand,B"]
[Result "0-1"]
[WhiteElo "2662"]
[BlackElo "2703"]

1.d4 Nf6 2.Nf3 d5 3.c4 e6 4.Bg5 dxc4 5.Qa4+ Nbd7 6.e3 Be7 7.Bxc4 O-O 8.Be2 h6
9.Bh4 c5 10.O-O a6 11.dxc5 Nxc5 12.Qc2 b6 13.Rd1 Qe8 14.Nc3 Bb7 15.b4 Ncd7
16.Qb2 Nd5 17.Bxe7 Qxe7 18.Nxd5 Bxd5 19.Rd4 Nf6 20.Rad1 Rfc8 21.Ne1 a5 22.b5 a4
23.f3 a3 24.Qd2 Qc5 25.Kf1 Qc7 26.e4 Bxa2 27.Qxa2 Qxh2 28.g4 h5 29.Ng2 hxg4
30.fxg4 e5 31.g5 exd4 32.gxf6 Rc5 33.Bf3 Rc3 34.Kf2 Qe5 35.fxg7 Rxf3+ 36.Kxf3 Qh5+  0-1

[Event "World Rapid 2018"]
[Site "St Petersburg RUS"]
[Date "2018.12.26"]
[Round "3.12"]
[White "Gelfand,B"]
[Black "Roiz,M"]
[Result "1/2-1/2"]
[WhiteElo "2673"]
[BlackElo "2605"]

1.c4 e5 2.g3 Nf6 3.Bg2 d5 4.cxd5 Nxd5 5.Nc3 Nxc3 6.bxc3 c5 7.Nf3 Nc6 8.O-O Be7
9.d3 O-O 10.Rb1 Qe8 11.Nd2 Rb8 12.a4 Be6 13.Nc4 b6 14.Bxc6 Qxc6 15.Nxe5 Qd5
16.f4 f6 17.Nf3 c4 18.Rb5 Qd7 19.Be3 Rfe8 20.Bd4 Bf8 21.Rb2 cxd3 22.exd3 Bd5
23.Rbf2 Kh8 24.Nh4 Bc6 25.Qh5 Kg8 26.Nf3 Bxa4 27.g4 Bb5 28.Rd1 Bc6 29.g5 Qf5
30.Qh4 fxg5 31.Qxg5  1/2-1/2

[Event "World Rapid 2018"]
[Site "St Petersburg RUS"]
[Date "2018.12.26"]
[Round "4.16"]
[White "Khanin,S"]
[Black "Gelfand,B"]
[Result "1/2-1/2"]
[WhiteElo "2514"]
[BlackElo "2673"]

1.e4 e5 2.Nf3 Nf6 3.Nxe5 d6 4.Nf3 Nxe4 5.c4 Nc6 6.Nc3 Nxc3 7.dxc3 Be7 8.Be3 O-O
9.Qd2 Bf5 10.Be2 Qd7 11.O-O Bf6 12.Rad1 Rad8 13.Nd4 Nxd4 14.Bxd4 Bxd4 15.cxd4 Rfe8
16.Rfe1 d5 17.b3 h6 18.c5 Re6 19.Bf3 Rde8 20.h3 c6 21.b4 Qe7 22.Rxe6 Qxe6
23.a4 Qg6 24.Re1 Rxe1+ 25.Qxe1 Be6 26.Kh2 Qc2 27.a5 Kh7 28.Bg4 Bxg4 29.hxg4 Qb2
30.Qe3 Qxb4 31.Qf4 a6 32.Qf5+ Kg8  1/2-1/2

[Event "World Rapid 2018"]
[Site "St Petersburg RUS"]
[Date "2018.12.27"]
[Round "9.10"]
[White "Gelfand,B"]
[Black "Alekseev,Evgeny"]
[Result "1-0"]
[WhiteElo "2673"]
[BlackElo "2639"]

1.d4 e6 2.e4 d5 3.exd5 exd5 4.Nf3 Nc6 5.Bb5 Bd6 6.c4 dxc4 7.d5 a6 8.Ba4 b5
9.dxc6 bxa4 10.O-O Ne7 11.Qxa4 O-O 12.Nbd2 Rb8 13.a3 c3 14.bxc3 Qe8 15.Nd4 Bb7
16.Re1 Bxc6 17.Qxa6 Ba8 18.Ne4 Be5 19.Qd3 Qd7 20.Ng5 Ng6 21.Rxe5 f6 22.Qf5 Qa4
23.Re1 fxg5 24.Qxg5 Rf6 25.f3 Rbf8 26.Qc5 h6 27.Qxc7 Qa6 28.Qg3 Qd3 29.Be3 Ne7
30.Bxh6 Rxh6 31.Rxe7 Rg6 32.Qf2 Bxf3  1-0

[Event "World Rapid 2018"]
[Site "St Petersburg RUS"]
[Date "2018.12.27"]
[Round "10.6"]
[White "Korobov,A"]
[Black "Gelfand,B"]
[Result "1/2-1/2"]
[WhiteElo "2698"]
[BlackElo "2673"]

1.d4 Nf6 2.c4 e6 3.Nf3 d5 4.Nc3 c6 5.e3 Nbd7 6.a3 Bd6 7.Bd3 O-O 8.O-O h6
9.Bd2 Re8 10.Qc2 dxc4 11.Bxc4 e5 12.dxe5 Nxe5 13.Nxe5 Bxe5 14.h3 Bf5 15.Qxf5 Qxd2
16.Rab1 Qd7 17.Qc2 Rad8 18.Rfd1 Qe7 19.Ne2 Rxd1+ 20.Rxd1 Rd8 21.Rxd8+  1/2-1/2

[Event "World Rapid 2018"]
[Site "St Petersburg RUS"]
[Date "2018.12.28"]
[Round "12.2"]
[White "Yu Yangyi"]
[Black "Gelfand,B"]
[Result "1/2-1/2"]
[WhiteElo "2764"]
[BlackElo "2673"]

1.d4 Nf6 2.c4 e6 3.g3 Bb4+ 4.Nd2 c5 5.dxc5 O-O 6.Bg2 Bxc5 7.Ngf3 Nc6 8.O-O d5
9.e3 Qe7 10.a3 a5 11.cxd5 exd5 12.Nb3 Bg4 13.h3 Bh5 14.Nxc5 Qxc5 15.Bd2 Ne4
16.Rc1 Qb6 17.Bc3 Rfd8 18.Bd4 Qb5 19.g4 Bg6 20.Ne5 Rac8 21.Nxc6 Rxc6 22.f3 Nc5
23.Bxc5 Rxc5 24.Rxc5 Qxc5 25.Qd4 Qxd4 26.exd4 Rc8 27.Re1 Kf8 28.f4 Be4 29.Bxe4 dxe4
30.Rxe4 Rc2 31.Re5 Rxb2 32.Rxa5 Ke7 33.a4 Rb4 34.Ra7 Rxd4 35.Rxb7+ Kf6 36.a5 Rxf4
37.a6 Ra4 38.a7 Ra2 39.Kf1 g6 40.h4 h5 41.g5+  1/2-1/2

[Event "World Rapid 2018"]
[Site "St Petersburg RUS"]
[Date "2018.12.28"]
[Round "13.6"]
[White "Gelfand,B"]
[Black "Matlakov,M"]
[Result "1/2-1/2"]
[WhiteElo "2673"]
[BlackElo "2700"]

1.d4 Nf6 2.c4 e6 3.Nf3 d5 4.g3 Bb4+ 5.Bd2 Be7 6.Bg2 O-O 7.O-O Nbd7 8.Qb3 c6
9.Rd1 Ne4 10.Bb4 Bxb4 11.Qxb4 a5 12.Qb3 b5 13.cxd5 cxd5 14.Nc3  1/2-1/2

[Event "World Rapid 2018"]
[Site "St Petersburg RUS"]
[Date "2018.12.28"]
[Round "14.4"]
[White "Artemiev,V"]
[Black "Gelfand,B"]
[Result "1-0"]
[WhiteElo "2709"]
[BlackElo "2673"]

1.d4 Nf6 2.Bg5 d5 3.Nd2 c5 4.e3 Qb6 5.dxc5 Qxb2 6.Rb1 Qc3 7.Bb5+ Nc6 8.Nf3 e6
9.O-O Qxc5 10.Bxf6 gxf6 11.c4 Bg7 12.Nb3 Qd6 13.cxd5 exd5 14.Nbd4 O-O 15.Bxc6 bxc6
16.Nh4 f5 17.Nhxf5 Bxf5 18.Nxf5 Qf6 19.Qg4 Rab8 20.g3 Kh8 21.Rfc1 Rxb1 22.Rxb1 Qg6
23.Qf4 Qe6 24.Rb8 Qf6 25.Rb7 c5 26.Rxa7 Qe6 27.Re7 Qf6 28.Rd7 Qa1+ 29.Kg2 Qxa2
30.Qg5 Qb2 31.Nxg7 Qxg7 32.Qxd5 Qg4  1-0

[Event "World Rapid 2018"]
[Site "St Petersburg RUS"]
[Date "2018.12.28"]
[Round "15.14"]
[White "Gelfand,B"]
[Black "Petrosian,TL"]
[Result "0-1"]
[WhiteElo "2673"]
[BlackElo "2598"]

1.d4 d6 2.Nf3 Bg4 3.c4 Bxf3 4.exf3 c6 5.Nc3 g6 6.Be3 Bg7 7.Be2 Nf6 8.d5 O-O
9.O-O Nbd7 10.f4 cxd5 11.Nxd5 Nxd5 12.Qxd5 Bxb2 13.Rab1 Bf6 14.Rxb7 Nc5 15.Bxc5 dxc5
16.Qxc5 Qd2 17.Bf3 Qxa2 18.Rc7 Rab8 19.Rxa7 Qc2 20.g3 Qd3 21.Ra3 Qc2 22.Ra6 Qd3
23.Rxf6 exf6 24.Bd5 Rb1 25.Rxb1 Qxb1+ 26.Kg2 Kg7 27.Qe7 Qd3 28.h4 h5 29.Qa7 Qb3
30.Qd7 Qb6 31.Qe7 Qd8 32.Qa7 Qd6 33.Qb7 Qc5 34.Qd7 Qc8 35.Qa7 Qd8 36.Qb7 Qd6
37.Qa7 f5 38.Qa1+ Qf6 39.Qa7 Rd8 40.Qc7 Re8 41.c5 Re7 42.Qb6 Qd4 43.Bf3 Re1
44.Qc7 Qc4 45.Kh2 Qf1 46.Bd5 Qxf2+ 47.Kh3 Qf1+ 48.Bg2 Qd3 49.Qb6 Re3 50.Qb2+ Kh7
51.Qf2 Qe2 52.Qxe2 Rxe2 53.c6 Rc2 54.Kh2 Kg7 55.Kg1 Kf6 56.Bd5 Ke7 57.Kf1 Rc5
58.Bf3 Kd6 59.Ke2 Rc3 60.Kf2 Kc5 61.Kg2 Kd4 62.Kf2 Rc2+ 63.Kg1 Rd2 64.Kf1 Ke3
65.Bh1 Rd1+ 66.Kg2 Rc1 67.Kh2 Rc5 68.Kg1 Ke2 69.Bg2 Rc1+ 70.Kh2 Rd1 71.Bh1 Kf2
72.Bg2 Rd3  0-1

[Event "Graz Match 2019"]
[Site "Graz AUT"]
[Date "2019.02.17"]
[Round "1"]
[White "Gelfand,B"]
[Black "Ragger,M"]
[Result "0-1"]
[WhiteElo "2669"]
[BlackElo "2683"]

1.c4 c5 2.g3 g6 3.Bg2 Bg7 4.Nc3 Nc6 5.Nf3 e5 6.d3 Nge7 7.h4 h6 8.h5 d6 9.hxg6 Nxg6
10.Be3 Nd4 11.Qd2 Nf5 12.O-O-O Be6 13.Bh3 Nxe3 14.Qxe3 Qd7 15.Bxe6 fxe6 16.Qe4 Ne7
17.Qg4 Rg8 18.Qh5+ Kd8 19.g4 Kc7 20.g5 hxg5 21.Nxg5 Rh8 22.Qf7 Bh6 23.f4 Bxg5
24.Nb5+ Kb6 25.fxg5 Raf8 26.Qg7 Rhg8 27.Qh7 a6 28.Nc3 Qd8 29.Rdf1 Nf5 30.Ne4 Ka7
31.Kb1 Rg7 32.Qh3 b5 33.Qf3 bxc4 34.dxc4 Rb7 35.g6 Qb6 36.b3 Rg8 37.Rfg1 d5
38.Nd2 Qb4 39.Qd3 e4 40.Nxe4 dxe4 41.Qxe4 Qc3 42.Qc2 Qxc2+ 43.Kxc2 Rbg7 44.Rh7 Kb6
45.Rxg7 Rxg7 46.Kd3 Ne7  0-1